LEADER 00945nam0-22003131i-450- 001 990007874260403321 005 20040426094229.0 035 $a000787426 035 $aFED01000787426 035 $a(Aleph)000787426FED01 035 $a000787426 100 $a20040426d2002----km-y0itay50------ba 101 0 $aita 102 $aIT 105 $aa---a---001yy 200 1 $a<>Ararat a Kandahar$ela nascita, lo sviluppo e le prospettive di evoluzione della guerra anfibia$fMichele Cosentino 210 $aNapoli$cRivista marittima$d2002 215 $a279 p.$cill. col.$d24 cm 300 $aSuppl. a: Rivista marittima. n. 10 ottobre 2002 610 0 $aFanteria di marina 676 $a359.96 700 1$aCosentino,$bMichele$09394 801 0$aIT$bUNINA$gRICA$2UNIMARC 901 $aBK 912 $a990007874260403321 952 $a13 E 73 20$b12699/6$fFINBC 959 $aFINBC 996 $aArarat a Kandahar$9672809 997 $aUNINA LEADER 00996nam0-22003011i-450- 001 990000111550403321 035 $a000011155 035 $aFED01000011155 035 $a(Aleph)000011155FED01 035 $a000011155 100 $a20011111d--------km-y0itay50------ba 101 0 $aita 105 $ay-------001yy 200 1 $aPavimentazioni cementizie$ericerche e studi sperimentali, conferenze svolte nella Scuola di specializzazione$fItaloVandone. 210 $aS.l.$cs.e$d<1933 ?> 215 $a57 p., 4 tav.$cill.$d24 cm 300 $aIn testa al front.: R. Politecnico di Milano. Scuola di specializzazione per le costruzioni in cemento armato 610 0 $aPavimentazione stradale in cemento armato 676 $a625.84 700 1$aVandone,$bItalo$07239 801 0$aIT$bUNINA$gRICA$2UNIMARC 901 $aBK 912 $a990000111550403321 952 $a13 M 22 41$b9515$fFINBC 959 $aFINBC 996 $aPavimentazioni cementizie$9114971 997 $aUNINA DB $aING01